000 00624nam a22001937a 4500
005 20251108164818.0
008 250721s1986 xx 000 0 ara d
082 1 4 _a371.1/ابل
100 1 _aابل، كنيث
245 1 0 _aحرفة التعليم:مرشد لإتقان فن الأستاذ :
_bمرشد لإتقان فن الأستاذ /
264 1 _aعمان :
_bمركز الكتب الأردني،
_c1986.
300 _a199ص
650 1 7 _aالتدريس
650 1 7 _aالمدرسون
650 1 7 _aالتعليم
700 1 _aأبو حجلة، عمران
_eترجمة
942 _2ddc
_cBK
999 _c14940
_d14940